[Event "British Rapidplay"]
[Site "Peterborough"]
[Date "2025.03.01"]
[Round "3.42"]
[White "Lee, Yuk Hei"]
[Black "Yoon, Jacob D"]
[Result "1-0"]
[WhiteElo "1877"]
[BlackElo "2251"]
[PlyCount "87"]
[EventDate "2025.03.01"]
[EventType "swiss (rapid)"]
[EventRounds "11"]
[EventCountry "ENG"]
[SourceTitle "BritBase"]
[Source "John Saunders"]
[SourceDate "2025.03.03"]
[SourceVersion "1"]
[SourceVersionDate "2025.03.03"]
[SourceQuality "2"]

1. e4 c6 2. d4 d5 3. Nc3 dxe4 4. Nxe4 Nf6 5. Nxf6+ exf6 6. Nf3 Bd6 7. Bd3 O-O 8. O-O Bg4 9. h3 Bh5 10. Be3 Nd7 11. c3 Re8 12. Re1 Nf8 13. Be2 f5 14. Bg5 Qc7 15. Nh4 Bxe2 16. Rxe2 h6 17. Bd2 Qd7 18. Rxe8 Rxe8 19. Qf3 g6 20. Bxh6 Re4 21. g3 Qe7 22. Bxf8 Kxf8 23. Ng2 Kg7 24. Kf1 Qe6 25. b3 c5 26. dxc5 Bxc5 27. Re1 Qa6+ 28. Re2 Bd6 29. c4 Qc6 30. Rxe4 fxe4 31. Qc3+ Kg8 32. Ne3 Qd7 33. Kg2 Qe6 34. Qd4 b6 35. Nd5 Bc5 36. Qf6 Qc8 37. Qe5 f5 38. Nf4 Kh7 39. Qf6 Qe8 40. Ne6 Qe7 41. Ng5+ Kg8 42. Qxg6+ Kh8 43. Nf7+ Qxf7 44. Qxf7 1-0

[Event "British Rapidplay"]
[Site "Peterborough"]
[Date "2025.03.01"]
[Round "3.43"]
[White "Fearnhead, Benjamin"]
[Black "Norris, Zack"]
[Result "1-0"]
[WhiteElo "1881"]
[BlackElo "1929"]
[PlyCount "107"]
[EventDate "2025.03.01"]
[EventType "swiss (rapid)"]
[EventRounds "11"]
[EventCountry "ENG"]
[SourceTitle "BritBase"]
[Source "John Saunders"]
[SourceDate "2025.03.03"]
[SourceVersion "1"]
[SourceVersionDate "2025.03.03"]
[SourceQuality "2"]

1. Nc3 d5 2. e4 dxe4 3. d3 e5 4. Be3 Nf6 5. dxe4 Qxd1+ 6. Rxd1 Bb4 7. f3 O-O 8. Bc4 Nbd7 9. Nge2 a5 10. O-O Bc5 11. Bxc5 Nxc5 12. Nd5 Nxd5 13. exd5 Bf5 14. c3 Rab8 15. Ng3 Bg6 16. Rfe1 b5 17. Bf1 f6 18. d6 cxd6 19. Rxd6 Bf7 20. b3 b4 21. Rc1 Ne6 22. Bc4 Nf4 23. Bxf7+ Rxf7 24. c4 h5 25. Kf2 Rff8 26. Rcd1 a4 27. Ra6 axb3 28. axb3 Ra8 29. Rda1 Rad8 30. Rb6 Rd2+ 31. Ke3 Rd3+ 32. Ke4 Rxb3 33. Ra7 Ne6 34. Rxe6 Rc3 35. Rc6 Rd8 36. Rcc7 g6 37. Rg7+ Kf8 38. Rxg6 Rxc4+ 39. Ke3 Rc3+ 40. Ke4 Rc4+ 41. Kf5 Rf4+ 42. Ke6 Re8+ 43. Kd5 Rd4+ 44. Kc5 Rc8+ 45. Kb5 Rb8+ 46. Ka5 b3 47. Rxf6+ Ke8 48. Rh6 Rf4 49. Nxh5 Rf8 50. Ng7+ Kd8 51. Ne6+ Ke8 52. Rhh7 Rf7 53. Rh8+ Rf8 54. Rxf8# 1-0

[Event "British Rapidplay"]
[Site "Peterborough"]
[Date "2025.03.01"]
[Round "3.44"]
[White "Ganti, Shriaansh"]
[Black "Ekram, Itmam"]
[Result "1-0"]
[WhiteElo "1980"]
[BlackElo "1610"]
[PlyCount "139"]
[EventDate "2025.03.01"]
[EventType "swiss (rapid)"]
[EventRounds "11"]
[EventCountry "ENG"]
[SourceTitle "BritBase"]
[Source "John Saunders"]
[SourceDate "2025.03.03"]
[SourceVersion "1"]
[SourceVersionDate "2025.03.03"]
[SourceQuality "2"]

1. e4 c6 2. c4 e5 3. Nc3 d6 4. d4 exd4 5. Qxd4 h6 6. Bf4 Nf6 7. O-O-O Be6 8. e5 Nh7 9. exd6 Nd7 10. Bd3 Qb6 11. Bxh7 Qxd4 12. Rxd4 Rxh7 13. Nf3 O-O-O 14. Rhd1 g5 15. Be3 Bg7 16. R4d2 Bxc4 17. Bd4 Be6 18. Bxg7 Rxg7 19. Nd4 Rg6 20. Re1 c5 21. Nxe6 Rxe6 22. Rxe6 fxe6 23. Re2 e5 24. Ne4 b6 25. Ng3 Rf8 26. f3 Kb7 27. Re4 Kc6 28. h4 Kxd6 29. hxg5 hxg5 30. Rg4 Rg8 31. Ne4+ Ke6 32. Rxg5 Rxg5 33. Nxg5+ Kf6 34. Ne4+ Ke6 35. Kd2 a6 36. Ke3 b5 37. g4 c4 38. Kd2 a5 39. Kc3 Kd5 40. b4 a4 41. a3 Nf8 42. Kd2 Ng6 43. Nc3+ Kc6 44. Ke3 Kb6 45. Ke4 Kc6 46. Kf5 Nh4+ 47. Kxe5 Nxf3+ 48. Kf6 Kd6 49. g5 Ne5 50. g6 Nxg6 51. Kxg6 Ke5 52. Nxb5 Ke4 53. Nc3+ Kd4 54. Nxa4 Kd5 55. Kf5 Kc6 56. Ke4 Kb5 57. Nc3+ Kc6 58. Kd4 Kb6 59. Kxc4 Kc6 60. b5+ Kb6 61. Nd5+ Kb7 62. a4 Kb8 63. a5 Ka8 64. Kc5 Kb7 65. a6+ Kb8 66. b6 Ka8 67. Nc7+ Kb8 68. a7+ Kc8 69. a8=Q+ Kd7 70. Qe8# 1-0

[Event "British Rapidplay"]
[Site "Peterborough"]
[Date "2025.03.01"]
[Round "3.45"]
[White "Graff, Ben"]
[Black "Manley, Jonathan P"]
[Result "0-1"]
[WhiteElo "1800"]
[BlackElo "2090"]
[PlyCount "164"]
[EventDate "2025.03.01"]
[EventType "swiss (rapid)"]
[EventRounds "11"]
[EventCountry "ENG"]
[SourceTitle "BritBase"]
[Source "John Saunders"]
[SourceDate "2025.03.03"]
[SourceVersion "1"]
[SourceVersionDate "2025.03.03"]
[SourceQuality "2"]

1. e4 e5 2. Nf3 Nc6 3. Bb5 f5 4. d3 fxe4 5. dxe4 Nf6 6. O-O d6 7. Nc3 Be7 8. Bc4 Bg4 9. h3 Bh5 10. Be3 Qd7 11. Be2 Bg6 12. Bd3 O-O 13. Bc4+ Kh8 14. Nd2 Nd4 15. Bxd4 exd4 16. Ne2 b5 17. Bd3 c5 18. b3 Qc6 19. f3 Nh5 20. c4 b4 21. a3 bxa3 22. Rxa3 Bg5 23. Qc2 a5 24. Rfa1 Qc7 25. Nf1 Nf4 26. Nxf4 Bxf4 27. Qa2 Qb6 28. Bc2 d3 29. Bxd3 Be5 30. Rd1 Bd4+ 31. Kh1 Rfb8 32. Bc2 Be8 33. Rb1 Ra7 34. Rd1 Bd7 35. Ng3 Bc3 36. Qb1 Be5 37. Ne2 Qb4 38. Ra2 Ra6 39. f4 Bf6 40. e5 Be7 41. exd6 Bxd6 42. Bxh7 Qxb3 43. Qxb3 Rxb3 44. Bg6 Be6 45. Rad2 Rbb6 46. Re1 Kg8 47. f5 Bf7 48. Bxf7+ Kxf7 49. Nc3 a4 50. Ra2 a3 51. Nb5 Be7 52. Rxa3 Rxa3 53. Nxa3 Ra6 54. Nc2 Ra4 55. Ne3 Bf6 56. g4 Bd4 57. Nd5 Rxc4 58. Re7+ Kf8 59. Rc7 Be5 60. Rc8+ Kf7 61. Nb6 Rc2 62. Nd7 Bd6 63. g5 Rh2+ 64. Kg1 Rxh3 65. g6+ Ke7 66. Nxc5 Rc3 67. Rg8 Bxc5+ 68. Kg2 Bd4 69. Rb8 Kf6 70. Rf8+ Kg5 71. Rd8 Be5 72. Rf8 Bf6 73. Rb8 Kxf5 74. Rb4 Kxg6 75. Rg4+ Kf5 76. Ra4 g5 77. Ra5+ Be5 78. Rb5 g4 79. Rb4 Rc2+ 80. Kf1 g3 81. Rb5 Ke4 82. Rb4+ Bd4 0-1

[Event "British Rapidplay"]
[Site "Peterborough"]
[Date "2025.03.01"]
[Round "3.46"]
[White "George, Matthew P"]
[Black "Parikh, Naavya"]
[Result "1-0"]
[WhiteElo "1999"]
[BlackElo "1741"]
[PlyCount "87"]
[EventDate "2025.03.01"]
[EventType "swiss (rapid)"]
[EventRounds "11"]
[EventCountry "ENG"]
[SourceTitle "BritBase"]
[Source "John Saunders"]
[SourceDate "2025.03.03"]
[SourceVersion "1"]
[SourceVersionDate "2025.03.03"]
[SourceQuality "2"]

1. d4 d5 2. c4 c6 3. Nf3 Nf6 4. Nc3 e6 5. g4 Be7 6. g5 Nfd7 7. Qc2 Nb6 8. c5 N6d7 9. Bf4 b6 10. cxb6 Nxb6 11. e3 Bb7 12. h4 Bd6 13. Bd3 Bxf4 14. exf4 h6 15. O-O-O Qd6 16. Ne5 N8d7 17. Kb1 Nxe5 18. fxe5 Qe7 19. g6 O-O-O 20. Na4 Nxa4 21. Qxa4 Kb8 22. Rhg1 f6 23. Rc1 fxe5 24. dxe5 c5 25. Ba6 c4 26. b3 cxb3 27. Rg3 Rc8 28. Rxc8+ Rxc8 29. Rxb3 Rc7 30. Bxb7 Rxb7 31. Qc6 Rxb3+ 32. axb3 Qb7 33. Qe8+ Qc8 34. Qe7 Qb7 35. Qf8+ Qc8 36. Qxg7 Qc3 37. Qf8+ Kb7 38. Qe7+ Kb8 39. Qd8+ Kb7 40. Qd7+ Kb8 41. Qb5+ Kc7 42. Qe2 Kb7 43. g7 Qc8 44. Qf3 1-0

[Event "British Rapidplay"]
[Site "Peterborough"]
[Date "2025.03.01"]
[Round "3.47"]
[White "Bevis, Noah"]
[Black "Hughes, Roy"]
[Result "0-1"]
[WhiteElo "1777"]
[BlackElo "2004"]
[PlyCount "132"]
[EventDate "2025.03.01"]
[EventType "swiss (rapid)"]
[EventRounds "11"]
[EventCountry "ENG"]
[SourceTitle "BritBase"]
[Source "John Saunders"]
[SourceDate "2025.03.03"]
[SourceVersion "1"]
[SourceVersionDate "2025.03.03"]
[SourceQuality "2"]

1. d4 d5 2. Bf4 c6 3. Nf3 Nf6 4. e3 Bf5 5. c4 e6 6. Qb3 Qb6 7. Nc3 Be7 8. c5 Qxb3 9. axb3 a6 10. b4 O-O 11. b5 cxb5 12. Nxb5 Nc6 13. Na3 Nh5 14. Bc7 Rfc8 15. Bb6 Nf6 16. Be2 Nd7 17. O-O Nxb6 18. cxb6 h6 19. Nb1 Bd8 20. Nc3 Bxb6 21. Na4 Ba7 22. Rac1 Nb4 23. Ne5 Bc2 24. Nc3 Rc7 25. Bg4 Rac8 26. Ra1 Nd3 27. Nxd3 Bxd3 28. Rfd1 Bg6 29. Nxd5 exd5 30. Bxc8 Rxc8 31. Rac1 Rb8 32. Rc7 Bb6 33. Rd7 Bc2 34. Rc1 Bb3 35. Rd6 Ba5 36. Ra1 Bb4 37. Rb6 a5 38. Rc1 Bc4 39. e4 Kf8 40. exd5 Bxd5 41. Rb5 Rd8 42. Rc7 Bc6 43. Rf5 f6 44. d5 Rxd5 45. Rxd5 Bxd5 46. f3 Bc6 47. Rc8+ Kf7 48. Rc7+ Kg6 49. Kf2 Bd5 50. Rd7 Bc4 51. Rxb7 h5 52. Ke3 Bf1 53. Kf2 Ba6 54. Rb8 Bd3 55. Ke3 Bc2 56. Rc8 Bb3 57. Kd3 a4 58. Rb8 Bd6 59. Rb6 Bxh2 60. Rb5 Be5 61. Ke4 Bxb2 62. f4 Bc2+ 63. Ke3 a3 64. Ra5 Bb1 65. f5+ Bxf5 66. Kd2 Bb1 0-1

[Event "British Rapidplay"]
[Site "Peterborough"]
[Date "2025.03.01"]
[Round "3.48"]
[White "McLachlan, Matthew"]
[Black "Basher, Ekramul"]
[Result "1-0"]
[WhiteElo "1927"]
[BlackElo "1726"]
[PlyCount "69"]
[EventDate "2025.03.01"]
[EventType "swiss (rapid)"]
[EventRounds "11"]
[EventCountry "ENG"]
[SourceTitle "BritBase"]
[Source "John Saunders"]
[SourceDate "2025.03.03"]
[SourceVersion "1"]
[SourceVersionDate "2025.03.03"]
[SourceQuality "2"]

1. d4 d5 2. c4 e6 3. Nf3 Nf6 4. g3 Bb4+ 5. Bd2 Bxd2+ 6. Qxd2 dxc4 7. Nc3 a6 8. Bg2 Nc6 9. O-O O-O 10. a4 Bd7 11. e4 Ne7 12. Ne5 b5 13. axb5 Bxb5 14. Rfe1 Nd7 15. Ng4 Ng6 16. h4 Rb8 17. h5 Ne7 18. h6 g6 19. Rad1 Nc8 20. e5 Ncb6 21. Qf4 Qe7 22. d5 exd5 23. Bxd5 c6 24. Bg2 Na4 25. Nxa4 Bxa4 26. Rxd7 Qe6 27. Bh3 f5 28. Rg7+ Kh8 29. Nh2 Rxb2 30. Nf3 Qd5 31. e6 Qc5 32. Ng5 c3 33. Nf7+ Rxf7 34. exf7 Rb7 35. Rg8# 1-0

[Event "British Rapidplay"]
[Site "Peterborough"]
[Date "2025.03.01"]
[Round "3.49"]
[White "Balmond, Tom"]
[Black "Andal, Edmond"]
[Result "0-1"]
[WhiteElo "1708"]
[BlackElo "2011"]
[PlyCount "40"]
[EventDate "2025.03.01"]
[EventType "swiss (rapid)"]
[EventRounds "11"]
[EventCountry "ENG"]
[SourceTitle "BritBase"]
[Source "John Saunders"]
[SourceDate "2025.03.03"]
[SourceVersion "1"]
[SourceVersionDate "2025.03.03"]
[SourceQuality "2"]

1. e4 c5 2. Nf3 e6 3. d4 cxd4 4. Nxd4 a6 5. Be3 Nf6 6. Bd3 Qc7 7. O-O h5 8. f4 Ng4 9. Qf3 Bc5 10. c3 d6 11. Nd2 Nxe3 12. Qxe3 e5 13. fxe5 dxe5 14. Rac1 Nc6 15. N2b3 exd4 16. cxd4 Ba7 17. Qg5 Qe5 18. Qh4 Nxd4 19. Nxd4 Bxd4+ 20. Kh1 Be6 0-1

[Event "British Rapidplay"]
[Site "Peterborough"]
[Date "2025.03.01"]
[Round "3.50"]
[White "Lebedev, Lion"]
[Black "Shankar, Yashwardhan"]
[Result "1-0"]
[WhiteElo "2038"]
[BlackElo "1767"]
[PlyCount "143"]
[EventDate "2025.03.01"]
[EventType "swiss (rapid)"]
[EventRounds "11"]
[EventCountry "ENG"]
[SourceTitle "BritBase"]
[Source "John Saunders"]
[SourceDate "2025.03.03"]
[SourceVersion "1"]
[SourceVersionDate "2025.03.03"]
[SourceQuality "2"]

1. e4 c5 2. Nf3 d6 3. d4 cxd4 4. Nxd4 Nf6 5. Nc3 g6 6. Be3 Bg7 7. f3 Nc6 8. Qd2 O-O 9. O-O-O Bd7 10. g4 a6 11. h4 b5 12. h5 b4 13. Nce2 a5 14. hxg6 fxg6 15. Nxc6 Bxc6 16. Bd4 Bb5 17. Nf4 Bxf1 18. Ne6 Qc8 19. Nxf8 Qxf8 20. Rdxf1 Qf7 21. Kb1 Rb8 22. g5 Nh5 23. Bxg7 Qxg7 24. Rhg1 a4 25. Rd1 a3 26. Qd5+ Qf7 27. Rg4 Qxd5 28. Rxd5 Rf8 29. Rd3 Nf4 30. Rb3 Ne6 31. bxa3 Nc5 32. Re3 bxa3 33. Rxa3 Nd7 34. f4 Nc5 35. Re3 Rb8+ 36. Kc1 Ra8 37. a3 Ra4 38. e5 d5 39. Rc3 Ne6 40. Rb3 Nc5 41. Rf3 Rc4 42. Rgg3 Ne6 43. Kd2 Nxf4 44. c3 Ne6 45. Rd3 Nc5 46. Rxd5 Ne4+ 47. Kd3 Rxc3+ 48. Kxe4 Rxg3 49. a4 Ra3 50. a5 Kf7 51. Kd4 Ke6 52. Rb5 Kd7 53. Kc5 Rc3+ 54. Kb4 Rc1 55. a6 Rb1+ 56. Ka5 Ra1+ 57. Kb6 Ke6 58. a7 Rxa7 59. Kxa7 Kf5 60. e6+ Kxe6 61. Kb6 Kd6 62. Rb1 Ke5 63. Kc5 Kf5 64. Rg1 e5 65. Kd5 Kf4 66. Rh1 Kxg5 67. Rxh7 Kf6 68. Ke4 Ke6 69. Rh2 Kf6 70. Rf2+ Ke6 71. Rf1 Kd6 72. Rf6+ 1-0

[Event "British Rapidplay"]
[Site "Peterborough"]
[Date "2025.03.01"]
[Round "3.51"]
[White "Sennaroglu, Djan"]
[Black "Alizada, Eldar"]
[Result "0-1"]
[WhiteElo "1693"]
[BlackElo "1997"]
[PlyCount "98"]
[EventDate "2025.03.01"]
[EventType "swiss (rapid)"]
[EventRounds "11"]
[EventCountry "ENG"]
[SourceTitle "BritBase"]
[Source "John Saunders"]
[SourceDate "2025.03.03"]
[SourceVersion "1"]
[SourceVersionDate "2025.03.03"]
[SourceQuality "2"]

1. e4 e6 2. d4 d5 3. exd5 exd5 4. Bf4 Bd6 5. Bxd6 Qxd6 6. Nf3 Nf6 7. Bd3 O-O 8. O-O Bg4 9. h3 Bh5 10. c3 Nbd7 11. Nbd2 Rfe8 12. Qc2 c5 13. Rfe1 c4 14. Bf1 Bg6 15. Qa4 a6 16. g3 b5 17. Qd1 a5 18. b3 Rac8 19. bxc4 bxc4 20. Bg2 Qa3 21. Qc1 Rxe1+ 22. Nxe1 Qxc1 23. Rxc1 Rb8 24. f4 Rb2 25. Nef3 Rxa2 26. g4 Bd3 27. Re1 Kf8 28. Nf1 Ne4 29. Ne3 Nxc3 30. Ne5 Nxe5 31. fxe5 Re2 32. Rc1 Rxe3 33. Rxc3 Re1+ 34. Kf2 Re2+ 35. Kg3 Be4 36. Bf1 Rb2 37. Kh4 Rb3 38. Rc1 h6 39. g5 hxg5+ 40. Kxg5 a4 41. Ra1 a3 42. Kf4 c3 43. Ra2 c2 44. Ra1 Rb1 45. Rxa3 c1=Q+ 46. Re3 Qxf1+ 47. Kg5 Qf5+ 48. Kh4 Qf4+ 49. Kh5 g6# 0-1

[Event "British Rapidplay"]
[Site "Peterborough"]
[Date "2025.03.01"]
[Round "3.52"]
[White "Fisher, Neal"]
[Black "Quilter, Thomas A"]
[Result "0-1"]
[WhiteElo "1713"]
[BlackElo "2162"]
[PlyCount "36"]
[EventDate "2025.03.01"]
[EventType "swiss (rapid)"]
[EventRounds "11"]
[EventCountry "ENG"]
[SourceTitle "BritBase"]
[Source "John Saunders"]
[SourceDate "2025.03.03"]
[SourceVersion "1"]
[SourceVersionDate "2025.03.03"]
[SourceQuality "2"]

1. e4 d5 2. exd5 c6 3. dxc6 Nxc6 4. Nf3 e5 5. Bc4 Bd6 6. d3 Bg4 7. c3 Nf6 8. Qb3 O-O 9. Nbd2 Na5 10. Qc2 Re8 11. O-O Nxc4 12. dxc4 e4 13. Nd4 Qe7 14. N2b3 Qe5 15. g3 Qh5 16. f4 exf3 17. Nxf3 Bxf3 18. Qf2 Re2 0-1

[Event "British Rapidplay"]
[Site "Peterborough"]
[Date "2025.03.01"]
[Round "3.53"]
[White "Iyengar, Ilya"]
[Black "Takvorian, Sebouh"]
[Result "1-0"]
[WhiteElo "1979"]
[BlackElo "1802"]
[PlyCount "69"]
[EventDate "2025.03.01"]
[EventType "swiss (rapid)"]
[EventRounds "11"]
[EventCountry "ENG"]
[SourceTitle "BritBase"]
[Source "John Saunders"]
[SourceDate "2025.03.03"]
[SourceVersion "1"]
[SourceVersionDate "2025.03.03"]
[SourceQuality "2"]

1. d4 Nf6 2. Nf3 c5 3. d5 d6 4. Nc3 g6 5. e4 Bg7 6. Bb5+ Bd7 7. a4 a6 8. Be2 O-O 9. h3 h5 10. Bf4 Nh7 11. Qd2 Qb6 12. Ra2 a5 13. O-O Na6 14. Re1 Rac8 15. Bc4 Rfd8 16. e5 Nb4 17. Ra3 Bf5 18. Rb3 Qc7 19. Nb5 Qb8 20. c3 Na6 21. exd6 exd6 22. Nxd6 Rxd6 23. Bxa6 Rcd8 24. Bxd6 Qxd6 25. Bxb7 Rb8 26. Rb5 Bd7 27. Bc6 Rd8 28. Bxd7 Qxd7 29. c4 Nf6 30. Rxc5 Kh7 31. Rxa5 Qc7 32. b3 Nd7 33. Rb5 Nc5 34. Qe3 Nb7 35. Qb6 1-0

[Event "British Rapidplay"]
[Site "Peterborough"]
[Date "2025.03.01"]
[Round "3.54"]
[White "Nicholas, Koichi B"]
[Black "Kumar, Sachin"]
[Result "1-0"]
[WhiteElo "2066"]
[BlackElo "1735"]
[PlyCount "107"]
[EventDate "2025.03.01"]
[EventType "swiss (rapid)"]
[EventRounds "11"]
[EventCountry "ENG"]
[SourceTitle "BritBase"]
[Source "John Saunders"]
[SourceDate "2025.03.03"]
[SourceVersion "1"]
[SourceVersionDate "2025.03.03"]
[SourceQuality "2"]

1. Nc3 d5 2. d4 Nf6 3. Bf4 a6 4. e3 g6 5. Be2 Bg7 6. g4 c5 7. g5 Ne4 8. Nxe4 dxe4 9. c3 Bf5 10. h4 Nc6 11. h5 gxh5 12. Bxh5 Qb6 13. Qc2 Rc8 14. dxc5 Qxc5 15. Qb3 Be6 16. Qc2 Bf5 17. a3 Qd5 18. Ne2 e5 19. Bh2 Qd8 20. Rg1 Qb6 21. Ng3 Bg6 22. Be2 Qa5 23. Rd1 O-O 24. Nxe4 Rcd8 25. Bd3 Qd5 26. Ke2 Bxe4 27. Bxe4 Qc4+ 28. Bd3 Qh4 29. Bg3 Qg4+ 30. f3 Qh3 31. Rh1 Qg2+ 32. Bf2 e4 33. Bxe4 Rxd1 34. Bxh7+ Kh8 35. Qxd1 Qxg5 36. Qc2 f5 37. Bxf5+ Bh6 38. Be4 Ne7 39. c4 Qf6 40. Bh4 Qg7 41. Kf2 Ng8 42. Bg3 Nf6 43. Bf4 Nxe4+ 44. Qxe4 Qxb2+ 45. Kg3 Rg8+ 46. Kh4 Qf2+ 47. Kh5 Qg2 48. Rh4 Bf8 49. Qf5 Be7 50. Be5+ Rg7 51. Qc8+ Kh7 52. Qf5+ Kg8 53. Bxg7 Bxh4 54. Qf8+ 1-0

[Event "British Rapidplay"]
[Site "Peterborough"]
[Date "2025.03.01"]
[Round "3.55"]
[White "Reghu, Jyothika U"]
[Black "Baer, Bruce L"]
[Result "1-0"]
[WhiteElo "1767"]
[BlackElo "1976"]
[PlyCount "93"]
[EventDate "2025.03.01"]
[EventType "swiss (rapid)"]
[EventRounds "11"]
[EventCountry "ENG"]
[SourceTitle "BritBase"]
[Source "John Saunders"]
[SourceDate "2025.03.03"]
[SourceVersion "1"]
[SourceVersionDate "2025.03.03"]
[SourceQuality "2"]

1. e4 g6 2. d4 Bg7 3. c3 d6 4. Bd3 e5 5. Be3 Nc6 6. d5 Nce7 7. Ne2 f5 8. f4 fxe4 9. Bxe4 Nf6 10. Ng3 Nxe4 11. Nxe4 Nf5 12. Bd2 O-O 13. O-O c6 14. Qb3 Kh8 15. Na3 c5 16. Nc4 b6 17. fxe5 Bxe5 18. Nxe5 dxe5 19. Bg5 Qe8 20. g4 Ba6 21. c4 Nd4 22. Rxf8+ Qxf8 23. Bf6+ Qxf6 24. Nxf6 Nxb3 25. axb3 Bc8 26. Re1 Kg7 27. g5 h6 28. h4 hxg5 29. hxg5 Bf5 30. Rxe5 Kf7 31. Ne4 Rd8 32. Kf2 Bxe4 33. Rxe4 b5 34. Re6 bxc4 35. bxc4 Rb8 36. Re2 Rb4 37. Rc2 Rb3 38. Ke1 Ke7 39. Re2+ Kd7 40. Re6 Rxb2 41. Rxg6 a5 42. Ra6 Rg2 43. Rxa5 Kd6 44. Ra6+ Ke5 45. Re6+ Kd4 46. d6 Rxg5 47. d7 1-0

[Event "British Rapidplay"]
[Site "Peterborough"]
[Date "2025.03.01"]
[Round "3.58"]
[White "Sajanani, Vikas"]
[Black "Keshari, Krish"]
[Result "1-0"]
[WhiteElo "1902"]
[BlackElo "1669"]
[PlyCount "51"]
[EventDate "2025.03.01"]
[EventType "swiss (rapid)"]
[EventRounds "11"]
[EventCountry "ENG"]
[SourceTitle "BritBase"]
[Source "John Saunders"]
[SourceDate "2025.03.03"]
[SourceVersion "1"]
[SourceVersionDate "2025.03.03"]
[SourceQuality "2"]

1. e4 e5 2. Nf3 Nc6 3. Nc3 Nf6 4. d4 exd4 5. Nxd4 Bb4 6. Nxc6 bxc6 7. Bd3 d5 8. exd5 cxd5 9. O-O O-O 10. Bg5 c6 11. Qf3 Be7 12. Rfe1 Re8 13. Ne2 Rb8 14. b3 h6 15. Bf4 Bd6 16. h3 Qc7 17. Bxh6 gxh6 18. Qxf6 Be5 19. Qxh6 Bg7 20. Qh7+ Kf8 21. Rad1 Re6 22. Qh4 Rh6 23. Qf4 Qb6 24. Nd4 Rf6 25. Qe5 Bb7 26. Qxb8+ 1-0

[Event "British Rapidplay"]
[Site "Peterborough"]
[Date "2025.03.01"]
[Round "3.59"]
[White "De Sousa Muachikape, Jael"]
[Black "Sasikumar, Srivathsan"]
[Result "0-1"]
[WhiteElo "1855"]
[BlackElo "1868"]
[PlyCount "100"]
[EventDate "2025.03.01"]
[EventType "swiss (rapid)"]
[EventRounds "11"]
[EventCountry "ENG"]
[SourceTitle "BritBase"]
[Source "John Saunders"]
[SourceDate "2025.03.03"]
[SourceVersion "1"]
[SourceVersionDate "2025.03.03"]
[SourceQuality "2"]

1. c4 e6 2. Nc3 Nf6 3. Nf3 d5 4. d4 c6 5. Bg5 Be7 6. e3 Nbd7 7. Be2 O-O 8. O-O dxc4 9. Bxc4 b5 10. Bd3 Bb7 11. e4 a6 12. e5 Nd5 13. Bxe7 Qxe7 14. Ne4 c5 15. dxc5 Nxc5 16. Nxc5 Qxc5 17. Qd2 h6 18. Rac1 Qe7 19. Bb1 Rfd8 20. Qc2 g6 21. Qe2 Rac8 22. g3 Kg7 23. Nd2 Rxc1 24. Rxc1 Qg5 25. Kf1 Nc3 26. bxc3 Rxd2 27. h4 Rxe2 28. hxg5 Rxe5 29. gxh6+ Kxh6 30. Bd3 Rh5 31. Ke2 Re5+ 32. Kd2 Rd5 33. c4 bxc4 34. Rxc4 Rd7 35. Rb4 a5 36. Rh4+ Kg7 37. Kc3 Rc7+ 38. Rc4 Rxc4+ 39. Bxc4 Kf6 40. Kd4 Bf3 41. a4 Bd1 42. Bb5 Kf5 43. Kc5 Kg4 44. Bc6 f5 45. Kd6 Bb3 46. Bb5 Kf3 47. Ke5 Kxf2 48. Kf4 g5+ 49. Kxg5 Kxg3 50. Kf6 f4 0-1

[Event "British Rapidplay"]
[Site "Peterborough"]
[Date "2025.03.01"]
[Round "3.61"]
[White "Ortiz Sanchez, Luis"]
[Black "Smith, Andrew PE"]
[Result "1-0"]
[WhiteElo "1913"]
[BlackElo "1745"]
[PlyCount "57"]
[EventDate "2025.03.01"]
[EventType "swiss (rapid)"]
[EventRounds "11"]
[EventCountry "ENG"]
[SourceTitle "BritBase"]
[Source "John Saunders"]
[SourceDate "2025.03.03"]
[SourceVersion "1"]
[SourceVersionDate "2025.03.03"]
[SourceQuality "2"]

1. d4 d5 2. Nf3 e6 3. c3 c5 4. Bg5 Be7 5. Bxe7 Qxe7 6. e3 cxd4 7. exd4 Nf6 8. Bd3 O-O 9. O-O b6 10. Re1 Ba6 11. Bc2 Nc6 12. Nbd2 Rac8 13. Ne5 Nxe5 14. dxe5 Nd7 15. Nb3 Nb8 16. Nd4 Nc6 17. Nf3 h6 18. Qd2 Rfd8 19. Rad1 d4 20. Nxd4 Nxd4 21. cxd4 Qh4 22. g3 Qh3 23. Be4 Rc4 24. Qe3 Qg4 25. Bf3 Qf5 26. b3 Rc2 27. Be4 Qh3 28. Bxc2 Bb7 29. Be4 1-0

[Event "British Rapidplay"]
[Site "Peterborough"]
[Date "2025.03.01"]
[Round "3.62"]
[White "Pearson, Charlie"]
[Black "Bramson, Mike"]
[Result "0-1"]
[WhiteElo "1668"]
[BlackElo "1895"]
[PlyCount "100"]
[EventDate "2025.03.01"]
[EventType "swiss (rapid)"]
[EventRounds "11"]
[EventCountry "ENG"]
[SourceTitle "BritBase"]
[Source "John Saunders"]
[SourceDate "2025.03.03"]
[SourceVersion "1"]
[SourceVersionDate "2025.03.03"]
[SourceQuality "2"]

1. e4 e5 2. Nf3 Nc6 3. Bb5 a6 4. Ba4 d6 5. O-O Bd7 6. c3 Nge7 7. d4 Ng6 8. Re1 Be7 9. h3 h6 10. d5 Nb8 11. Bc2 O-O 12. Nbd2 f5 13. exf5 Bxf5 14. Bxf5 Rxf5 15. Qc2 Qd7 16. Nf1 Nf4 17. Ng3 Rf8 18. Be3 Nxh3+ 19. gxh3 Rxf3 20. Qe4 Rf8 21. Kg2 Qe8 22. Qg4 Qf7 23. Re2 Kh8 24. c4 Bf6 25. Rf1 c6 26. Nf5 cxd5 27. Nxd6 Qe7 28. Bc5 dxc4 29. Qxc4 Qd7 30. Ne4 Qc6 31. Qc1 Rc8 32. f3 Nd7 33. Rc2 b6 34. Nd6 bxc5 35. Nxc8 Rxc8 36. Qd2 Bg5 37. Qd3 Bf4 38. Rd1 Nf6 39. Qf5 Qe8 40. Kf2 Rd8 41. Re1 Qa4 42. b3 Qd4+ 43. Kg2 Nd5 44. Qf7 Ne3+ 45. Rxe3 Qxe3 46. Qc4 Rd2+ 47. Rxd2 Qxd2+ 48. Kg1 Be3+ 49. Kh1 Qe1+ 50. Kh2 Qf2+ 0-1

[Event "British Rapidplay"]
[Site "Peterborough"]
[Date "2025.03.01"]
[Round "3.63"]
[White "Burton, Sean"]
[Black "Naylor-Eade, Michael A"]
[Result "1-0"]
[WhiteElo "1806"]
[BlackElo "1989"]
[PlyCount "151"]
[EventDate "2025.03.01"]
[EventType "swiss (rapid)"]
[EventRounds "11"]
[EventCountry "ENG"]
[SourceTitle "BritBase"]
[Source "John Saunders"]
[SourceDate "2025.03.03"]
[SourceVersion "1"]
[SourceVersionDate "2025.03.03"]
[SourceQuality "2"]

1. e4 e5 2. Nf3 Nc6 3. Bc4 Bc5 4. O-O d6 5. d3 a6 6. c3 Nf6 7. Re1 O-O 8. Nbd2 Ng4 9. Re2 Be6 10. h3 Bxc4 11. Nxc4 Nf6 12. Bg5 h6 13. Bh4 Qe7 14. d4 Ba7 15. Ne3 g6 16. Nd5 Nxd5 17. Bxe7 Ndxe7 18. Qd2 Kg7 19. a4 g5 20. Rd1 Rad8 21. Qc1 Ng6 22. g3 f5 23. Kg2 f4 24. Ree1 fxg3 25. fxg3 Rd7 26. Rf1 Rxf3 27. Rxf3 exd4 28. Rdf1 Nce5 29. Rf5 d3 30. b3 a5 31. h4 gxh4 32. Kh3 Rd8 33. Rh5 Rh8 34. Qd2 c5 35. Rff5 c4 36. bxc4 Bb6 37. Rxe5 Nxe5 38. Rxe5 dxe5 39. Qxd3 Rd8 40. Qf3 hxg3 41. Qxg3+ Kf6 42. Qh4+ Kg6 43. Qg4+ Kf6 44. Qf5+ Kg7 45. Qxe5+ Kf7 46. Qf5+ Kg7 47. Qe6 Rd3+ 48. Kg4 Bd8 49. Qe5+ Bf6 50. Qc7+ Kg6 51. Qc5 Rxc3 52. Qh5+ Kg7 53. Qb5 Kg6 54. Qf5+ Kg7 55. Qd7+ Kg6 56. Qe8+ Kg7 57. Kf5 Rf3+ 58. Ke6 Bg5 59. Qd7+ Kg6 60. e5 h5 61. Qe8+ Kh6 62. Qh8+ Kg6 63. Qg8+ Kh6 64. Qc8 h4 65. Qxb7 Rf4 66. Qc8 Kg7 67. Qd7+ Kg6 68. Qe8+ Kg7 69. c5 Kh7 70. Qh5+ Bh6 71. c6 Rxa4 72. Qf5+ Kh8 73. Qf6+ Bg7 74. Qd8+ Kh7 75. c7 Re4 76. Qd3 1-0